Achievements of T S Eliot: An essay on the nature of poetry (Record no. 118241)

MARC details
000 -LEADER
fixed length control field 00429nam a2200157Ia 4500
008 - FIXED-LENGTH DATA ELEMENTS--GENERAL INFORMATION
fixed length control field 230917s9999||||xx |||||||||||||| ||und||
040 ## - CATALOGING SOURCE
-- 50250
Original cataloging agency VIVEKANANDA LIBRARY
041 ## - Language
-- English
082 ## - DDC NUMBER
Classification number 821.8 E46M:A
100 ## - MAIN ENTRY--PERSONAL NAME
Personal name Matthiessen, F O
245 #0 - TITLE STATEMENT
Title Achievements of T S Eliot: An essay on the nature of poetry
250 ## - EDITION STATEMENT
Edition statement 3rd ed.
260 ## - PUBLICATION, DISTRIBUTION, ETC. (IMPRINT)
Place of publication, distribution, etc New York
Name of publisher, distributor, etc Oxford University Press
Date of publication, distribution, etc 1959
300 ## - PHYSICAL DESCRIPTION
Pages xxiii, 248 p.
942 ## - ADDED ENTRY ELEMENTS (KOHA)
Koha item type Books
Holdings
Withdrawn status Lost status Damaged status Not for loan Location (home branch) Sublocation or collection (holding branch) Date acquired Koha issues (times borrowed) Koha full call number Accession No. Koha date last seen Koha item type
        VIVEKANANDA LIBRARY VIVEKANANDA LIBRARY 10/12/2002   821.8 E46M:A 2097 17/09/2023 Books
© Designed and Maintained by Vivekananda Library, MDU Rohtak